[Event "World Team-ch Open 2019"]
[Site "Astana"]
[Date "2019.03.05"]
[Round "1.12"]
[White "Izoria, Zviad"]
[Black "Hesham, Abdelrahman"]
[Result "1-0"]
[WhiteElo "2603"]
[BlackElo "2450"]
[Annotator "TA"]
[PlyCount "95"]
[EventDate "2019.02.05"]
[EventType "team-tourn"]
[EventCountry "KAZ"]
[SourceTitle "playchess.com"]
[Source "ChessBase"]
[SourceQuality "1"]
[WhiteTeam "United States"]
[BlackTeam "Egypt"]
[WhiteTeamCountry "USA"]
[BlackTeamCountry "EGY"]

{[%evp 9,95,48,74,68,65,59,58,46,37,38,93,91,75,47,92,51,43,43,35,63,95,89,105,96,107,93,80,74,75,64,100,102,120,125,129,136,125,132,406,270,260,277,261,267,252,240,240,241,295,295,295,295,295,295,295,262,262,258,291,283,292,278,354,360,354,167,787,745,745,737,604,604,1641,1492,29963,29965,29964,29964,29960,29957,29960,29960,29961,29961,29961,29964,29944,12823]} 1. c4 e6 2. Nc3 d5 3. d4 c6 4. Nf3 Nd7 5. e4 {[%cal Be2e4,Be4e5][%mdl 32]} Bb4 (5... dxe4 6. Nxe4 Ngf6 7. Nc3 Be7 8. Bd3 O-O 9. O-O b6 10. Re1 Bb7 11. Bf4 Re8 12. h3 Nf8 13. Qe2 Ng6 14. Bh2 a6 15. Rad1 {1-0 (62) Tan,Z (2517)-Ding,Y (2424) Riadh 2017}) 6. e5 {D31: Queen's Gambit Declined: Semi-Slav without ...Nf6 (+ Marshall Gambit and Noteboom) and Exchange Variation lines without ...Nf6} Ne7 7. a3 Ba5 8. b4 {White is slightly better.} Bc7 9. Bd3 $146 ({Predecessor:} 9. cxd5 Nxd5 10. Ne4 h6 11. Bd3 N7b6 12. Bd2 O-O 13. O-O f5 14. Nc5 Qe7 15. Rc1 Rb8 16. Re1 {½-½ (16) Szeles,K (2252)-Ter,M (2043) Hungary 2009}) 9... f6 (9... a5 $14) 10. exf6 $16 Nxf6 11. O-O $36 {[%mdl 2048] White is pushing.} O-O 12. Ne2 Nf5 13. Ng3 a5 14. bxa5 Nxg3 15. hxg3 dxc4 16. Bxc4 Rxa5 17. Qb3 Nd5 18. Bd2 Ra7 19. a4 Qe8 20. Rfe1 Qh5 21. Ng5 h6 22. Nxe6 Bxe6 23. Rxe6 Rxf2 $2 {[%mdl 8192]} (23... Qf7 $16 24. Re2 b5) 24. Bxd5 cxd5 25. Kxf2 Qf5+ 26. Bf4 $1 Bxf4 27. Re8+ (27. gxf4 Qxe6 28. Re1 Qc6 $11) 27... Kf7 {[#]} 28. Re2 $1 ({Weaker is} 28. gxf4 Qxf4+ 29. Ke2 Qg4+ 30. Kf2 Qf4+ 31. Ke2 Qg4+ 32. Kd3 Kxe8 $14) 28... Be5+ 29. Ke1 Bf6 30. Qb6 Qc8 {Threatens to win with ...Qc3+.} 31. Qxa7 Qc3+ 32. Rd2 Qxa1+ $18 {[%mdl 4096] Endgame KQR-KQB} 33. Kf2 Kg6 34. Qc5 ({Don't take} 34. Qxb7 Bxd4+ 35. Ke2 Bc3 $18) 34... Qxa4 35. Qxd5 b5 36. g4 Kh7 37. Ke2 (37. Qf5+ $142 Kh8 38. d5) 37... Qb4 $2 (37... g6 38. Ra2 Qxd4 39. Qxd4 (39. Qxb5 Qxg4+ 40. Kf2 Bd4+ 41. Ke1 Qh4+ 42. Kd2 h5 $11) 39... Bxd4) 38. Qe4+ g6 39. Rc2 Bg7 40. Rc7 Qb2+ 41. Kf1 b4 42. Qe5 {[%csl Gc7][%cal Re5g7] White mates.} Qa1+ 43. Ke2 {[%csl Gc7][%cal Re5g7]} Qa2+ 44. Kd3 {[%csl Gc7][%cal Re5g7]} Qb3+ 45. Ke4 {[%csl Gc7][%cal Re5g7]} Qg8 {[#]} 46. Qxg7+ $1 {[%mdl 512]} Qxg7 47. Rxg7+ Kxg7 48. Kd3 {Precision: White = 68%, Black = 34%.} 1-0

[Event "World Team-ch Open 2019"]
[Site "Astana"]
[Date "2019.03.05"]
[Round "1.13"]
[White "Ding, Liren"]
[Black "Mamedov, Rauf"]
[Result "1-0"]
[WhiteElo "2812"]
[BlackElo "2701"]
[Annotator "TA"]
[PlyCount "107"]
[EventDate "2019.02.05"]
[EventType "team-tourn"]
[EventCountry "KAZ"]
[SourceTitle "playchess.com"]
[Source "ChessBase"]
[SourceQuality "1"]
[WhiteTeam "China"]
[BlackTeam "Azerbaijan"]
[WhiteTeamCountry "CHN"]
[BlackTeamCountry "AZE"]

{[%evp 17,107,36,29,31,40,16,28,25,24,0,62,53,46,23,45,47,52,11,21,-9,-1,0,41,25,46,46,33,41,50,0,0,0,0,0,0,0,0,0,0,0,2,0,2,8,24,35,55,18,32,32,32,32,33,42,52,41,63,63,63,63,271,277,279,291,258,246,285,278,258,245,286,287,281,266,279,272,271,234,380,369,375,391,381,375,353,344,6733,6725,6725,5812,5797,5797]} 1. d4 d5 2. c4 c6 3. Nf3 Nf6 4. e3 Bf5 5. Nc3 e6 6. Nh4 Be4 7. f3 Bg6 8. Qb3 Qb6 9. Nxg6 hxg6 10. Bd2 {D12: Slav Defence: 3 Nf3 Nf6 4 e3 Bf5} Nbd7 11. g3 (11. O-O-O Qxb3 12. axb3 Be7 13. Bd3 Rc8 14. Kb1 a6 15. Ne2 c5 16. cxd5 Nxd5 17. Rc1 O-O {1-0 (42) Nakamura,H (2746)-Harikrishna,P (2729) Kolkata 2018}) 11... Be7 12. Kf2 {White has an edge.} g5 13. Kg2 Rd8 (13... g4 $11) 14. Qxb6 $14 axb6 15. a4 $146 ({Predecessor:} 15. cxd5 Nxd5 16. Nxd5 exd5 17. a4 Ra8 {1-0 (40) Likavsky,T (2458)-Gbyl,A (2174) Banska Stiavnica 2013}) 15... O-O 16. cxd5 exd5 17. Bd3 g4 18. f4 Rfe8 19. h3 Nc5 20. Bc2 Nce4 21. Nxe4 Nxe4 22. Bxe4 gxh3+ 23. Rxh3 (23. Kf3 {seems wilder.} dxe4+ 24. Kxe4 Bb4+ 25. Kd3 Bxd2 26. Kxd2 c5 27. Rxh3 f5 28. Rah1) 23... dxe4 24. g4 f6 25. b4 Rd5 26. Rhh1 Ra8 27. Bc3 Kf7 28. Kf2 Bd6 29. Ke2 Be7 30. Kd2 b5 31. a5 Rdd8 32. Rh5 Ke6 33. Kc2 Rh8 34. Rah1 Rxh5 35. Rxh5 {[%mdl 4096] Endgame KRB-KRB} Rd8 36. Kb3 Rd5 37. f5+ Kf7 38. Be1 g5 $2 {[#]} ({Better is} 38... Rd8 $14) 39. Rh7+ $18 Ke8 40. Bg3 Rd7 41. Bb8 Bf8 42. Rh1 Kf7 {[#]} 43. Ba7 $1 Kg7 44. Bc5 Bd6 45. Ra1 Bg3 46. a6 bxa6 47. Kc3 ({Don't take} 47. Rxa6 $6 Bf2 $16) 47... Rd8 (47... Bb8 $142 48. Rxa6 Rc7) 48. Rxa6 Be1+ 49. Kc2 Rh8 50. Rxc6 Rh2+ 51. Kd1 Bd2 $2 (51... Bc3 52. Be7 Kf7 53. Bxf6 (53. Rxc3 Kxe7 54. Rc6 Kf7 $16) 53... Rd2+ 54. Kc1 Rg2 55. Bxg5 (55. Rxc3 Kxf6 56. Rc6+ Kf7 $18) 55... Bxb4 56. Rc7+ Kg8) 52. d5 {White is clearly winning.} Bc3 53. Rc7+ Kg8 54. d6 {Accuracy: White = 74%, Black = 49%.} 1-0

[Event "World Team-ch Open 2019"]
[Site "Astana"]
[Date "2019.03.05"]
[Round "1.14"]
[White "Guseinov, Gadir"]
[Black "Yu, Yangyi"]
[Result "0-1"]
[WhiteElo "2664"]
[BlackElo "2761"]
[Annotator "TA"]
[PlyCount "183"]
[EventDate "2019.02.05"]
[EventType "team-tourn"]
[EventCountry "KAZ"]
[SourceTitle "playchess.com"]
[Source "ChessBase"]
[SourceQuality "1"]
[WhiteTeam "Azerbaijan"]
[BlackTeam "China"]
[WhiteTeamCountry "AZE"]
[BlackTeamCountry "CHN"]

{[%evp 9,183,6,22,23,26,9,3,8,18,2,8,5,14,8,4,4,3,0,19,0,7,0,15,28,37,39,52,52,53,50,52,52,51,50,54,51,52,45,50,39,48,35,35,35,35,35,35,30,29,0,48,29,28,30,60,0,32,0,38,0,43,22,27,0,29,8,33,20,33,0,15,0,33,0,52,20,37,33,39,19,39,43,61,31,39,47,71,44,53,0,76,0,47,34,29,12,46,28,32,34,45,24,34,15,22,0,42,0,36,0,38,0,20,10,39,0,24,30,22,0,0,-8,-4,-4,0,0,0,-27,-23,-28,-33,-25,-29,-16,-12,-22,-14,-54,-47,-58,-34,-37,-25,-33,-31,-49,-42,-57,-60,-47,-50,-72,-52,-56,-59,-57,-44,-103,-103,-94,-85,-110,-81,-100,-88,-190,-181,-197,-185,-196,-190,-178,-158,-176,-177,-571]} 1. e4 e5 2. Nf3 Nc6 3. Bb5 a6 4. Bxc6 dxc6 5. O-O Qf6 6. d4 {C68: Ruy Lopez: Exchange Variation, sidelines} exd4 7. Bg5 Qd6 8. Nxd4 {The position is equal.} Be7 (8... Bd7 9. c3 Ne7 10. Nd2 O-O-O 11. Kh1 Qg6 12. Be3 f5 13. f3 c5 {½-½ (73) Duda,J (2737)-Karjakin,S (2773) chess.com INT 2018}) 9. Bxe7 Nxe7 10. Nc3 Bd7 11. Nde2 O-O-O 12. Qc1 Rhe8 13. Qe3 Kb8 14. Rad1 $146 Qe5 15. Qf4 (15. f4 {keeps more tension.} Qa5 16. Rd3 Be6 17. Rxd8+ Rxd8 18. b3) 15... Qxf4 16. Nxf4 g6 17. f3 Nc8 18. g4 Nd6 19. Kf2 Re7 20. h4 a5 21. b3 Rde8 22. Rfe1 b6 23. Na4 Kb7 24. c4 f6 25. Nc3 Nf7 26. Rd2 Bc8 27. Red1 Nd6 28. Re2 Nf7 29. Red2 Nd6 30. Rd3 Rf8 31. Rh1 Rd8 32. Rhd1 Rf8 33. Kg3 Rg8 (33... g5 $5 {[%cal Rg5f4]} 34. Ng2 gxh4+ 35. Nxh4 (35. Kxh4 Rg8 $11) 35... Rg8 $11) 34. Kf2 Rf8 35. Re3 Rfe8 36. Re2 Nf7 37. Rdd2 Nd6 38. Kg3 Rg8 39. Kf2 Nf7 40. Rd1 Rge8 41. Red2 Rg8 ({Black should play} 41... Nd6 $11) 42. Rh1 Nd6 43. Rg1 Nf7 44. Nd1 Nd6 45. Ne3 Rge8 46. Re2 Rd8 47. Rd1 Rg8 48. Red2 Nf7 49. Re2 Nd6 50. Red2 Nf7 51. Re1 Ne5 52. Rg1 Nf7 53. Rdd1 Rge8 54. Rge1 Ne5 55. Re2 (55. c5 $5) 55... Nf7 56. Rdd2 Ne5 57. Nd3 Nf7 58. Nf4 Ne5 59. Rd1 (59. c5 $5) 59... Nf7 60. Ree1 Ne5 61. Nd3 Nf7 62. Nf4 Ne5 63. h5 a4 64. hxg6 (64. Rd2 {looks sharper.} Rd7 65. Rxd7 Bxd7 66. Rd1 g5 67. Nd3) 64... hxg6 65. Nd3 (65. Rh1 {with more complications.} axb3 66. axb3 Rf7 67. Rh6 Rg8 68. Kg3) 65... Nxd3+ 66. Rxd3 f5 67. exf5 gxf5 {White must now prevent ...axb3.} 68. gxf5 Bxf5 69. Rd2 Ka6 70. b4 a3 71. Rdd1 Bh7 72. Rc1 Kb7 73. Rc3 Ra8 74. Rd1 Bg6 75. Rg1 Re6 76. Rd1 Rf6 77. Ng4 Rf5 78. Ne3 Rh5 79. Kg3 Bh7 80. Rd7 Bb1 81. Rd1 Bg6 ({Reject} 81... Bxa2 $6 82. Ra1 $16) 82. Rd7 Rh1 {aiming for ...Rg1+.} 83. b5 (83. Rd1 $1 $15 Rxd1 84. Nxd1) 83... Rg1+ $17 84. Kf2 Ra1 85. bxc6+ Kxc6 86. Rd2 {[#]} Rb1 $1 87. Ng4 (87. Re2 $17) 87... Rb2 $19 {Black is clearly better.} 88. Ne5+ Kb7 89. Ke3 Re8 90. f4 {[#]} Rh8 $1 {[%cal Rh8h3] ...Rh3+ is the strong threat.} 91. Nf3 Rh3 {Hoping for ...Rxf3+!} 92. c5 $2 {Accuracy: White = 36%, Black = 64%.} (92. Rf2 {was the crucial defense.}) 0-1

[Event "World Team-ch Open 2019"]
[Site "Astana"]
[Date "2019.03.05"]
[Round "1.15"]
[White "Wei, Yi"]
[Black "Safarli, Eltaj"]
[Result "1-0"]
[WhiteElo "2733"]
[BlackElo "2662"]
[Annotator "TA"]
[PlyCount "171"]
[EventDate "2019.02.05"]
[EventType "team-tourn"]
[EventCountry "KAZ"]
[SourceTitle "playchess.com"]
[Source "ChessBase"]
[SourceQuality "1"]
[WhiteTeam "China"]
[BlackTeam "Azerbaijan"]
[WhiteTeamCountry "CHN"]
[BlackTeamCountry "AZE"]

{[%evp 10,171,10,6,23,12,1,0,26,28,60,56,68,30,31,17,16,14,12,0,0,0,5,0,0,0,0,0,0,0,0,0,26,43,58,36,74,43,21,0,0,0,0,0,14,0,0,0,31,0,0,0,116,112,117,112,125,62,111,57,63,0,87,101,97,99,120,131,140,0,0,0,92,88,83,90,96,91,228,228,235,220,235,214,214,204,247,220,248,183,189,189,189,191,239,107,114,41,52,14,14,0,0,0,14,0,0,0,0,0,0,0,0,0,40,0,0,0,20,0,87,0,0,0,0,0,0,0,0,0,0,0,0,0,16,20,110,93,2176,1663,29959,29953,29959,29964,29962,29963,29967,29966,7920,7920,29970,29971,29971,29972,29968,29974,29974,29958,6005,231,29982,29983,29983,29984]} 1. Nf3 Nf6 2. c4 e6 3. Nc3 d5 4. e3 c5 5. cxd5 exd5 6. d4 {LiveBook: 174 Games. A17: English Opening: 1...Nf6 with ...Bb4} c4 (6... Nc6 7. Bb5 cxd4 8. exd4 Bd6 9. Bg5 Be6 10. O-O O-O 11. Re1 Rc8 12. Ne5 h6 13. Bh4 g5 14. Bg3 Ne7 15. Nd7 Bxd7 16. Bxd6 Re8 17. Qf3 Nf5 18. Be5 Ne4 19. Bxd7 Qxd7 20. Nxd5 {1-0 (20) Mamedyarov,S (2801)-Anand,V (2768) Saint Louis 2018}) 7. Ne5 Nc6 8. b3 $146 {The position is equal.} ({Predecessor:} 8. Be2 Bd6 9. f4 Bb4 10. O-O Bxc3 11. bxc3 Ne4 12. Qc2 O-O 13. Bf3 f5 14. a4 Qa5 {1-0 (58) Maravi Ceron,J (1516)-Zubiaga,H Lima 2013}) 8... cxb3 9. Bb5 Bd7 10. Qxb3 a6 11. Bd3 Bd6 12. f4 Na5 13. Qb1 b5 {[%cal Bb7b5,Bb5b4][%mdl 32]} 14. O-O b4 15. Ne2 Bb5 16. Bxb5+ axb5 17. Bd2 Nc4 18. Bxb4 O-O 19. Bxd6 Qxd6 20. Qxb5 Nxe3 21. Rfc1 Ne4 22. Nc3 g6 23. Qd3 Nf5 24. Nb5 Qa6 25. a4 Rfc8 {Threatening ...Rxc1+.} 26. Qb3 Ne7 27. Qb4 Nf5 28. Qb3 Ne7 29. Qb4 Nf5 30. Nd3 Rc4 (30... h5 $11) 31. Rxc4 $16 dxc4 32. Qxc4 Rc8 33. Qb3 (33. Nb4 $1 $16) 33... Qa5 {White must now prevent ...Qd2.} 34. Qb4 (34. Re1 $16 Nf6 35. Qb4) 34... Qa8 $14 35. Nc5 (35. Qb2 $14) 35... Ne3 {[#]} (35... Nh4 $1 $11 36. Ra2 Qd5) 36. Qb3 $1 $16 {[%cal Rb3e3]} Nc3 {[%csl Ge3][%cal Ra8g2]} 37. Qb2 Ncd5 38. Re1 Qa5 {[%cal Ra5e1]} 39. Qc1 (39. Qf2 $16 Nc4 40. f5) 39... Nf5 $11 40. Re5 Qxa4 (40... Nxd4 $1 $11 41. Qd1 (41. Nxd4 Rxc5 42. Re8+ Kg7 $14) 41... Ne2+ 42. Rxe2 (42. Qxe2 Rxc5 43. Qd1 Qb6 $11) 42... Nc3 43. Nxc3 Qxc5+ 44. Kh1 Qxc3) 41. Re8+ $1 $16 (41. Rxd5 Qxb5 42. Re5 Qb4 $17) 41... Kg7 42. Rxc8 ({Weaker is} 42. Nxa4 Rxc1+ 43. Kf2 Rc2+ 44. Re2 Rc4 $17) 42... Qxb5 {[#]} 43. Ne4 $1 Qe2 (43... Nde3 $16) 44. Nc3 $18 Nxc3 45. Rxc3 {[%mdl 4096] Endgame KQR-KQN} ({Wrong is} 45. Qxc3 $2 Ne3 $19) 45... Qe4 46. Kh1 Qxd4 47. Rc4 Qf6 48. g4 {[%cal Bg2g4,Bg4g5][%mdl 32]} Nd6 49. g5 Qe6 50. Qc3+ Kg8 51. Rd4 Ne8 52. Kg1 (52. Rd8 $18) 52... h5 53. Rd8 (53. h3 $16) 53... Kh7 $1 $14 54. Kf2 {Strongly threatening Qe3.} Ng7 55. Qd4 Qa2+ 56. Qd2 Qc4 57. Rd4 Qc5 {aiming for ...Nf5.} 58. Qb4 Qc2+ 59. Rd2 Qc1 60. Rd7 Qc2+ 61. Qd2 Qc4 62. Qd4 Qc2+ 63. Kf3 Qb1 64. Kg2 {Hoping for Qc4.} Qa2+ (64... Qc2+ $11 {remains equal.} 65. Qd2 Qe4+ 66. Kg1 Kg8) 65. Kf3 ({White should play} 65. Qf2 $16 Qc4 66. Rd4 Qc6+ 67. Qf3) 65... Qb1 $11 66. Qc4 Qh1+ 67. Ke3 Qe1+ 68. Kf3 Qh1+ 69. Ke2 Qxh2+ 70. Kd1 Qg1+ 71. Kc2 Qf2+ 72. Kb3 Qe3+ (72... f6 $11) 73. Ka4 $16 Qe6 $2 {[%mdl 8192]} (73... Qb6 $16) 74. Qxe6 $18 fxe6 {KR-KN} 75. Kb4 Kg8 76. Kc4 Nf5 77. Kd3 h4 78. Ke4 h3 79. Rd2 Kf7 80. Rh2 Nd6+ 81. Kd4 Ke7 82. Rxh3 Nf7 83. Rh7 Kf8 84. Kc5 $2 (84. Rh2 Ke7 85. Ra2) 84... Ke7 $2 {[#]} (84... e5 $18 85. Rxf7+ Kxf7 86. fxe5 Ke6) 85. Rxf7+ $1 {[%mdl 512]} Kxf7 86. Kd6 {Precision: White = 51%, Black = 48%.} 1-0

[Event "World Team-ch Open 2019"]
[Site "Astana"]
[Date "2019.03.05"]
[Round "1.16"]
[White "Abasov, Nijat"]
[Black "Bu, Xiangzhi"]
[Result "1/2-1/2"]
[WhiteElo "2627"]
[BlackElo "2731"]
[Annotator "TA"]
[PlyCount "68"]
[EventDate "2019.02.05"]
[EventType "team-tourn"]
[EventCountry "KAZ"]
[SourceTitle "playchess.com"]
[Source "ChessBase"]
[SourceQuality "1"]
[WhiteTeam "Azerbaijan"]
[BlackTeam "China"]
[WhiteTeamCountry "AZE"]
[BlackTeamCountry "CHN"]

{[%evp 20,68,30,25,31,29,33,39,36,33,43,33,33,25,29,0,0,0,0,-5,-5,-27,-4,-14,-7,-43,-12,-33,0,0,0,0,0,0,0,-8,0,0,0,0,0,-4,0,0,0,0,0,0,0,0,0]} 1. d4 d5 2. Nf3 Nf6 3. c4 c6 4. Nc3 e6 5. Bg5 Nbd7 6. e3 Qa5 7. Nd2 dxc4 8. Bxf6 Nxf6 9. Nxc4 Qc7 10. Rc1 Be7 11. g3 O-O {D52: Queen's Gambit Declined: Cambridge Springs Variation} 12. Bg2 Rd8 13. O-O Nd5 {White is slightly better.} (13... Bd7 14. Qb3 Rac8 15. Rfd1 Be8 16. Ne4 Nxe4 17. Bxe4 b5 18. Nd2 h6 19. Bg2 {½-½ (46) Grischuk,A (2779)-Carlsen,M (2851) Paris 2017}) 14. Qb3 {[#]} Nxc3 $146 ({Predecessor:} 14... Bd7 15. Ne5 Qb6 16. Qc2 Be8 17. a3 Rac8 18. Nd3 Qc7 19. Ne2 {½-½ (44) Nakamura,H (2729)-Gelfand,B (2739) Moscow 2010}) 15. Qxc3 a5 16. Ne5 Bd7 17. Nxd7 (17. Qc4 {is more complex.} Be8 18. Nd3 Qc8 19. h4 f6 20. Bh3) 17... Rxd7 18. f4 g6 19. h4 a4 20. a3 Ra5 21. Rfd1 Qd8 22. Bf3 h5 23. Kg2 Bf6 24. Qc2 {The position is equal.} Kg7 25. Be2 Qb6 26. Kf2 Rd8 27. Rd3 Rdd5 28. Rc3 Be7 29. Bc4 Rd7 30. Rd1 Bf6 31. Be2 Rdd5 32. Bc4 Rd7 33. Be2 Rdd5 34. Bc4 {Hoping for b4.} Rd7 {Accuracy: White = 69%, Black = 63%.} 1/2-1/2

[Event "World Team-ch Open 2019"]
[Site "Astana"]
[Date "2019.03.05"]
[Round "1.17"]
[White "Adams, Michael"]
[Black "Jumabayev, Rinat"]
[Result "0-1"]
[WhiteElo "2708"]
[BlackElo "2609"]
[Annotator "TA"]
[PlyCount "100"]
[EventDate "2019.02.05"]
[EventType "team-tourn"]
[EventCountry "KAZ"]
[SourceTitle "playchess.com"]
[Source "ChessBase"]
[SourceQuality "1"]
[WhiteTeam "England"]
[BlackTeam "Kazakhstan"]
[WhiteTeamCountry "ENG"]
[BlackTeamCountry "KAZ"]

{[%evp 9,100,0,15,12,16,14,16,18,17,14,20,12,33,33,33,34,35,0,0,0,0,0,8,0,5,0,41,41,39,-27,-23,-33,-31,-24,-11,-14,-21,-5,0,0,0,-109,-114,-107,-110,-105,-101,-102,-74,-110,-107,-138,-135,-138,-128,-162,-155,-161,-164,-162,-165,-159,-164,-205,-205,-216,-226,-260,-260,-277,-275,-1486,-1429,-1293,-1390,-1315,-1337,-1065,-1016,-1622,-1448,-1368,-1282,-1375,-1251,-1554,-1435,-1333,-1283,-1422,-1331,-785,-602]} 1. e4 e6 2. d4 d5 3. Nd2 c5 4. exd5 Qxd5 5. dxc5 Qxc5 6. Ngf3 {C07: French Tarrasch: 3...c5, 4 Ngf3 and 4 exd5 Qxd5} Nf6 7. Bd3 Be7 8. O-O {The position is equal.} O-O 9. Qe2 Qc7 10. Ne4 Nc6 $146 ({Predecessor:} 10... Nbd7 11. Bg5 Nd5 12. Rad1 Bxg5 13. Nexg5 {1-0 (61) Van Kampen,R (2651)-Tiviakov,S (2591) Netherlands 2018}) 11. Nxf6+ Bxf6 12. Re1 Rd8 13. Qe4 {Hoping for Bf4.} g6 14. Bg5 Bxg5 15. Nxg5 Kg7 16. Qe3 Nb4 {[%cal Bc6b4,Bb4a6,Ba6c5][%mdl 32]} 17. Be4 f6 18. Qb3 Qe7 19. c3 (19. a3 $1 $14) 19... Na6 $1 $36 {[%mdl 2048] White is under pressure.} 20. Nf3 $1 ({Not} 20. Bxb7 $2 Nc5 $19) 20... Nc5 21. Qa3 e5 22. Rad1 Rxd1 23. Rxd1 {Strongly threatening Rd5.} Be6 24. Bxb7 Rd8 25. Re1 {[#]} (25. Rxd8 $11 {keeps the balance.} Qxd8 26. Ba6 Nxa6 27. Qxa6 {[%mdl 64] Double Attack}) 25... Qd6 $1 $17 26. Be4 Nxe4 27. Rxe4 Qxa3 28. bxa3 {[%mdl 4096] Endgame KRB-KRN} Rd3 29. Re3 Rd6 30. h4 Ra6 31. c4 Bxc4 32. g4 Bd5 33. g5 {[#]} Ra4 $1 34. gxf6+ Kxf6 35. Nxe5 Rxh4 {[%csl Gd5][%cal Rh4h1]} 36. f3 Rd4 (36... Bxa2 37. Nd7+ Kf7 38. Ne5+ Kf8 39. Kf2 $17) 37. Kf2 h5 ({Don't do} 37... Bxa2 38. Ng4+ Kg5 39. Kg3) 38. Kg3 g5 ({But not} 38... Bxa2 39. f4 $17) 39. Nd7+ Kg6 40. Rd3 $2 (40. Kf2) 40... h4+ $19 {Black is clearly winning.} 41. Kf2 Rxd3 42. Ne5+ Kf5 43. Nxd3 {KB-KN} Bc4 44. Nb4 Kf4 45. Nc6 Bxa2 46. Nd4 Bc4 47. Nc6 Bd5 48. Nd4 Ke5 49. Nc2 Bb7 50. Ne3 Bc6 {Accuracy: White = 60%, Black = 82%.} 0-1

[Event "World Team-ch Open 2019"]
[Site "Astana"]
[Date "2019.03.05"]
[Round "1.18"]
[White "Ismagambetov, Anuar"]
[Black "McShane, Luke J"]
[Result "1/2-1/2"]
[WhiteElo "2545"]
[BlackElo "2661"]
[Annotator "TA"]
[PlyCount "110"]
[EventDate "2019.02.05"]
[EventType "team-tourn"]
[EventCountry "KAZ"]
[SourceTitle "playchess.com"]
[Source "ChessBase"]
[SourceQuality "1"]
[WhiteTeam "Kazakhstan"]
[BlackTeam "England"]
[WhiteTeamCountry "KAZ"]
[BlackTeamCountry "ENG"]

{[%evp 13,110,17,17,17,22,10,15,9,27,13,52,22,11,0,0,-8,11,12,8,0,-1,0,37,-29,-21,-48,-39,-56,-21,-12,-18,-32,8,8,7,10,16,10,37,0,0,0,18,18,29,25,212,47,47,47,47,54,54,52,64,54,82,80,94,79,72,87,109,103,103,10,8,11,11,17,18,8,20,20,20,0,20,8,8,8,8,8,8,8,8,4,4,0,0,0,4,4,4,4,4,4,4,4,4]} 1. e4 e5 2. Nf3 Nc6 3. Bb5 Nf6 4. d3 Bc5 5. c3 O-O 6. O-O d6 7. Nbd2 Bb6 8. Nc4 {C65: Ruy Lopez: Berlin Defence (3...Nf6), unusual lines and 4 0-0 Bc5} Ne7 9. Ba4 Ng6 10. Bc2 (10. h3 h6 11. Bc2 Be6 12. Nxb6 axb6 13. d4 b5 14. Be3 c6 15. Re1 Qc7 16. a3 Rad8 17. Qd2 Rfe8 18. Rad1 Qe7 19. Qc1 Nh5 20. dxe5 dxe5 21. Rxd8 Rxd8 {1-0 (61) Carlsen,M (2835)-Andreikin,D (2719) St Petersburg 2018}) 10... h6 11. d4 Be6 12. Nxb6 axb6 13. a4 c5 14. h3 {[#]} b5 $146 ({Predecessor:} 14... Qc8 15. Re1 b5 {0-1 (61) Adams,M (2734)-McShane,L (2671) London 2011}) 15. dxc5 dxc5 16. Be3 Qb6 17. b4 Rfd8 18. Bxc5 (18. bxc5 $14 Qa5 19. Qb1) 18... Qc7 $11 19. Qb1 Nf4 {[%cal Bg6f4,Bf4e2,Be2c3][%mdl 32]} 20. Kh2 bxa4 (20... Qc8 $5 {[%cal Re6h3]} 21. Ng1 (21. Nxe5 $2 Bxh3 22. Rd1 Rxd1 $19) 21... Bc4 $15) 21. Rxa4 Rxa4 22. Bxa4 b6 23. Be3 Ne2 $132 {[%mdl 2048] Black has counterplay} (23... Qxc3 24. Rc1 $16 (24. Bxb6 Nxg2 25. Rd1 Rxd1 $17)) 24. Bb5 Nxc3 {[%mdl 64] [#] Double Attack} 25. Rc1 Rc8 26. Qb2 {Hoping for Ba6.} Nfxe4 27. Bd3 {aiming for Bxe4.} Nf6 28. Ba6 e4+ 29. g3 Rd8 $2 {[#]} (29... Ra8 $1 $11 {and Black has nothing to worry.} 30. Rxc3 Qe7) 30. Rxc3 $2 (30. Nd4 $1 $18) 30... Qa7 $14 31. Nd4 Qxa6 32. Nxe6 fxe6 33. b5 $1 {[%cal Rb5a6]} Qb7 34. Rc6 {[%mdl 1088] Double Attack. White has compensation.} Nd5 35. Qe5 Qf7 36. Bd4 (36. Qxe6 $6 Nxe3 37. fxe3 Rd2+ 38. Kg1 Rd1+ 39. Kh2 Rd2+ 40. Kg1 Rd1+ 41. Kh2 Rd2+ $11) 36... Nb4 37. Rc7 ({Don't play} 37. Rxe6 Rxd4 38. Qxd4 Qxe6 $11) ({Worse is} 37. Bxb6 Nxc6 38. bxc6 Rd1 $17) (37. Rxb6 Nd3 $11) 37... Nd3 {[%mdl 64] Double Attack} 38. Qxg7+ {[%mdl 64] X-Ray Attack} Qxg7 39. Bxg7 $16 {[%mdl 4096] Endgame KRB-KRN} ({White should try} 39. Rxg7+ $16 Kf8 40. Bxb6) 39... h5 $1 $11 {The position is equal.} 40. Bh6 Nxf2 41. Rg7+ Kh8 42. Rb7 Rd5 43. Rxb6 Kh7 44. Bf4 (44. Bc1 {looks sharper.} Nd3 45. Be3 Ne5 46. Rxe6 Rxb5 47. Kg2) 44... Nd3 45. Rxe6 {next b6 is good for White.} Nxf4 46. gxf4 {Threatens to win with Re5.} Rxb5 {KR-KR} 47. Kg3 Rb3+ 48. Kh4 Rf3 49. Kg5 ({Much less strong is} 49. Kxh5 Rxh3+ 50. Kg4 Rc3 $16) 49... Rxh3 50. Re7+ Kg8 51. Rxe4 (51. f5 {feels hotter.} Rg3+ 52. Kxh5 Kf8 53. Rxe4 Kf7 54. Rg4) 51... Ra3 52. Re6 h4 53. Kxh4 Kf7 54. Rh6 Ra5 55. Kg4 Rb5 {Accuracy: White = 56%, Black = 66%.} 1/2-1/2